| 000 -CABECERA |
| Longitud fija campo de control |
00999nam a2200229 i 4500 |
| 001 - NÚMERO DE CONTROL |
| Número de control |
991058478168306706 |
| 003 - IDENTIFICADOR DEL NÚMERO DE CONTROL |
| Identificador del número de control |
OSt |
| 005 - FECHA Y HORA DE LA ÚLTIMA TRANSACCIÓN |
| Fecha y hora de la última transacción |
20231127122002.0 |
| 006 - CÓDIGOS DE INFORMACIÓN DE LONGITUD FIJA - CARACTERÍSTICAS DEL MATERIAL ADICIONAL |
| Códigos de información de longitud fija - Caracter&íacute;sticas del material adicional |
m o d | |
| 007 - CAMPO FIJO DE DESCRIPCIÓN FÍSICA |
| Campo fijo de descripción f&íacute;sica |
cr ||||||||||| |
| 008 - CÓDIGOS DE INFORMACIÓN DE LONGITUD FIJA |
| Códigos de información de longitud fija |
201029s2019 sp a ob 000 0 spa d |
| 040 ## - FUENTE DE LA CATALOGACIÓN |
| Centro catalogador de origen |
CDMR |
| Centro transcriptor |
CDMR |
| Lengua de catalogación |
cat |
| 110 2# - PUNTO DE ACCESO PRINCIPAL-NOMBRE DE ENTIDAD CORPORATIVA |
| 9 (RLIN) |
2009 |
| Nombre de entidad corporativa o nombre de jurisdicción como elemento inicial |
Centro de Investigaciones Sociológicas |
| 245 10 - MENCIÓN DE TÍTULO |
| Título |
Estudio sobre audiencias de medios de comunicación social |
| Resto del título |
: avance de resultados del estudio 3421 [recurs electrònic] / |
| Mención de responsabilidad, etc. |
Centro de Investigaciones Sociológicas |
| 260 ## - PUBLICACIÓN, DISTRIBUCIÓN, ETC. (PIE DE IMPRENTA) |
| Lugar de publicación, distribución, etc. |
Madrid : |
| Nombre del editor, distribuidor, etc. |
Centro de Investigaciones Sociológicas, |
| Fecha de publicación, distribución, etc. |
2023 |
| 300 ## - DESCRIPCIÓN FÍSICA |
| Extensión |
1 recurs electrònic |
| 650 #0 - PUNTO DE ACCESO ADICIONAL DE MATERIA - TÉRMINO DE MATERIA |
| 9 (RLIN) |
396 |
| Término de materia o nombre geográfico como elemento inicial |
Mitjans de comunicació de massa |
| Subdivisión geográfica |
Espanya |
| Subdivisión de materia general |
Públic |
| Subdivisión cronológica |
2023 |
| 650 #0 - PUNTO DE ACCESO ADICIONAL DE MATERIA - TÉRMINO DE MATERIA |
| 9 (RLIN) |
3121 |
| Término de materia o nombre geográfico como elemento inicial |
Teleespectadors |
| Subdivisión geográfica |
Espanya |
| Subdivisión cronológica |
2023 |
| 650 #0 - PUNTO DE ACCESO ADICIONAL DE MATERIA - TÉRMINO DE MATERIA |
| 9 (RLIN) |
4179 |
| Término de materia o nombre geográfico como elemento inicial |
Ràdio |
| Subdivisión de materia general |
Oients |
| Subdivisión geográfica |
Espanya |
| Subdivisión cronológica |
2023 |
| 856 ## - LOCALIZACIÓN Y ACCESO ELECTRÓNICO |
| Nota pública |
Accés en línia |
| Identificador Uniforme del Recurso (URI) |
<a href="https://www.cis.es/-/-bcd-avance-de-resultados-del-estudio-3421-estudio-sobre-audiencias-de-medios-de-comunicacion-social">https://www.cis.es/-/-bcd-avance-de-resultados-del-estudio-3421-estudio-sobre-audiencias-de-medios-de-comunicacion-social</a> |
| 942 ## - ENTRADA DE ELEMENTOS AGREGADOS (KOHA) |
| Fuente de clasificaión o esquema |
|
| Koha [por defecto] tipo de item |
Recursos en línia |